[Event "FRA-chT1A 1112"]
[Site "France"]
[Date "2012.01.14"]
[Round "6.8"]
[White "Bonvalot, Isabelle"]
[Black "Gatine, Aurelia"]
[Result "1/2-1/2"]
[WhiteElo "1901"]
[BlackElo "1973"]
[PlyCount "44"]
[EventDate "2011.10.16"]
[EventType "team-tourn"]
[EventRounds "11"]
[EventCountry "FRA"]
[SourceTitle "EXT 2013"]
[Source "ChessBase"]
[SourceDate "2012.11.22"]
[SourceVersion "1"]
[SourceVersionDate "2012.11.22"]
[SourceQuality "1"]
[WhiteTeam "Clichy"]
[BlackTeam "JEEN"]
[WhiteTeamCountry "FRA"]
[BlackTeamCountry "FRA"]

1. e4 c5 2. c3 d5 3. exd5 Qxd5 4. d4 cxd4 5. cxd4 Nf6 6. Nf3 Bg4 7. Be2 e6 8. Nc3 Qh5 9. Bf4 Nc6 10. Qb3 Bb4 11. a3 Bxf3 12. Bxf3 Nxd4 13. Qa4+ b5 14. Qxb4 Nc2+ 15. Ke2 Nxb4 16. Bxh5 Nxh5 17. Bd6 Nd5 18. Nxb5 Kd7 19. Be5 f6 20. Bc3 Rab8 21. a4 a6 22. Nd4 Nxc3+ 1/2-1/2

[Event "FRA-chT Top 12 (Women) GpB"]
[Site "Sartrouville"]
[Date "2011.02.12"]
[Round "2.1"]
[White "Choisy, Mathilde"]
[Black "Gatine, Aurelia"]
[Result "1-0"]
[WhiteElo "2188"]
[BlackElo "1983"]
[PlyCount "77"]
[EventDate "2011.02.11"]
[EventType "team-tourn"]
[EventRounds "4"]
[EventCountry "FRA"]
[SourceTitle "EXT 2012"]
[Source "ChessBase"]
[SourceDate "2011.11.24"]
[SourceVersion "1"]
[SourceVersionDate "2011.11.24"]
[SourceQuality "1"]
[WhiteTeam "Mulhouse (W)"]
[BlackTeam "JEEN (W)"]
[WhiteTeamCountry "FRA"]
[BlackTeamCountry "FRA"]

1. e4 c5 2. b3 e5 3. Bb2 Nc6 4. f4 d6 5. Nf3 Nf6 6. Nc3 a6 7. fxe5 dxe5 8. Bc4 Bg4 9. 0-0 Qc7 10. Nd5 Nxd5 11. Bxd5 f6 12. Bxc6+ Qxc6 13. d3 Bxf3 14. Qxf3 0-0-0 15. Kh1 h5 16. a3 Be7 17. Qf5+ Qd7 18. Qg6 Qg4 19. Qf7 Rd7 20. Rf3 h4 21. h3 Qh5 22. Qxg7 Bd8 23. Qg4 Qxg4 24. hxg4 Rg7 25. Raf1 Rxg4 26. Bc1 Rhg8 27. R1f2 Kd7 28. Be3 Kc6 29. Kg1 b5 30. c4 a5 31. cxb5+ Kxb5 32. Kf1 Be7 33. Rc2 a4 34. bxa4+ Kxa4 35. Rc4+ Kxa3 36. Rf2 h3 37. Bc1+ Kb3 38. Rb2+ Ka3 39. Rb7+ 1-0

[Event "FRA-chT Top 12 (Women) GpB"]
[Site "Sartrouville"]
[Date "2011.02.11"]
[Round "1.1"]
[White "Gatine, Aurelia"]
[Black "Hamdouchi, Adina Maria"]
[Result "0-1"]
[WhiteElo "1983"]
[BlackElo "2293"]
[PlyCount "64"]
[EventDate "2011.02.11"]
[EventType "team-tourn"]
[EventRounds "4"]
[EventCountry "FRA"]
[SourceTitle "EXT 2012"]
[Source "ChessBase"]
[SourceDate "2011.11.24"]
[SourceVersion "1"]
[SourceVersionDate "2011.11.24"]
[SourceQuality "1"]
[WhiteTeam "JEEN (W)"]
[BlackTeam "Montpellier (W)"]
[WhiteTeamCountry "FRA"]
[BlackTeamCountry "FRA"]

1. e4 g6 2. d4 Bg7 3. Nf3 d6 4. Bd3 Nd7 5. 0-0 e5 6. c3 Ngf6 7. Bg5 h6 8. Bh4 0-0 9. Nbd2 Re8 10. Bg3 Nh5 11. Bc2 b6 12. d5 a5 13. Nh4 Nf4 14. Bxf4 exf4 15. g3 Nf6 16. f3 fxg3 17. hxg3 Nh5 18. Qe1 Qg5 19. f4 Qxg3+ 20. Qxg3 Nxg3 21. Rf3 Nh5 22. Raf1 Bg4 23. Re3 Nf6 24. Rg3 h5 25. Nhf3 Bh6 26. Nh2 Bd7 27. c4 h4 28. Re3 b5 29. Kg2 a4 30. b3 bxc4 31. bxc4 Rab8 32. Re2 Rb2 0-1

[Event "FRA-chT2 0910"]
[Site "France"]
[Date "2009.11.22"]
[Round "4.8"]
[White "Gatine, Aurelia"]
[Black "Tatard, Marie"]
[Result "1-0"]
[WhiteElo "2007"]
[BlackElo "1882"]
[PlyCount "41"]
[EventDate "2009.09.27"]
[EventType "team-tourn"]
[EventRounds "11"]
[EventCountry "FRA"]
[SourceTitle "EXT 2011"]
[Source "ChessBase"]
[SourceDate "2010.11.26"]
[SourceVersion "1"]
[SourceVersionDate "2010.11.26"]
[SourceQuality "1"]

1. e4 e6 2. d4 d5 3. Nd2 Nf6 4. e5 Nfd7 5. f4 c5 6. c3 Nc6 7. Ndf3 Qb6 8. g3 cxd4 9. cxd4 Bb4+ 10. Kf2 f6 11. Kg2 0-0 12. Bd3 Be7 13. h4 Bd8 14. Nh3 Qb4 15. a3 Qe7 16. Qc2 h6 17. Be3 Bb6 18. Nhg5 fxe5 19. Bh7+ Kh8 20. dxe5 Bxe3 21. Bg8 1-0

[Event "FRA-chT Top 12 (Women)"]
[Site "Vandoeuvre"]
[Date "2008.05.17"]
[Round "3"]
[White "Lamotte, Gaelle"]
[Black "Gatine, Aurelia"]
[Result "0-1"]
[WhiteElo "1910"]
[BlackElo "2011"]
[PlyCount "62"]
[EventDate "2008.05.16"]
[EventType "team"]
[EventRounds "5"]
[EventCountry "FRA"]
[SourceTitle "CBM 124 Extra"]
[Source "ChessBase"]
[SourceDate "2008.07.03"]
[SourceVersion "1"]
[SourceVersionDate "2008.07.03"]
[SourceQuality "1"]
[WhiteTeam "Besancon (W)"]
[BlackTeam "JEEN (W)"]
[WhiteTeamCountry "FRA"]
[BlackTeamCountry "FRA"]

1. e4 c5 2. Nc3 Nc6 3. g3 g6 4. Bg2 Bg7 5. d3 d6 6. f4 h5 7. Nf3 Nd4 8. h3 e6 9. 0-0 Ne7 10. Ne2 Nxf3+ 11. Bxf3 e5 12. Bg2 h4 13. f5 gxf5 14. exf5 Nxf5 15. g4 Ng3 16. Nxg3 hxg3 17. Qf3 Qe7 18. Qxg3 Be6 19. Bd2 0-0-0 20. a4 Rdg8 21. Qf2 Bh6 22. b4 Bxd2 23. Qxd2 f5 24. gxf5 Bd5 25. Rf2 Qh4 26. Kf1 Bxg2+ 27. Rxg2 Qxh3 28. Qf2 Rh5 29. f6 Rf5 30. f7 Rxf2+ 31. Kxf2 Qxg2+ 0-1

[Event "FRA-chT Top 12 (Women)"]
[Site "Vandoeuvre"]
[Date "2008.05.17"]
[Round "2"]
[White "Moingt, Anne"]
[Black "Gatine, Aurelia"]
[Result "1-0"]
[WhiteElo "2165"]
[BlackElo "2011"]
[PlyCount "73"]
[EventDate "2008.05.16"]
[EventType "team"]
[EventRounds "5"]
[EventCountry "FRA"]
[SourceTitle "CBM 124 Extra"]
[Source "ChessBase"]
[SourceDate "2008.07.03"]
[SourceVersion "1"]
[SourceVersionDate "2008.07.03"]
[SourceQuality "1"]
[WhiteTeam "Mulhouse (W)"]
[BlackTeam "JEEN (W)"]
[WhiteTeamCountry "FRA"]
[BlackTeamCountry "FRA"]

1. e4 c5 2. Nf3 Nc6 3. d4 cxd4 4. Nxd4 g6 5. c4 Bg7 6. Be3 Nf6 7. Nc3 d6 8. Be2 a6 9. 0-0 0-0 10. f3 e6 11. Nb3 Qc7 12. Rc1 b6 13. Nd5 exd5 14. cxd5 Qe7 15. dxc6 b5 16. Re1 Nh5 17. Qd2 Re8 18. Bd3 Be6 19. Bf1 Bxb3 20. axb3 Qe6 21. b4 Rac8 22. Bd4 Be5 23. Red1 Qf6 24. Rc2 Nf4 25. Kh1 Ne6 26. Be3 Qh4 27. Bg1 Bf4 28. Qf2 Qf6 29. g3 Bh6 30. Rxd6 Bf8 31. Rd5 Bxb4 32. e5 Qf5 33. Bd3 Qh5 34. f4 Be1 35. Qg2 Rcd8 36. Be4 Rc8 37. Bb6 1-0

[Event "FRA-chT Top 12 (Women)"]
[Site "Vandoeuvre"]
[Date "2008.05.16"]
[Round "1"]
[White "Genzling, Sylvie"]
[Black "Gatine, Aurelia"]
[Result "1-0"]
[WhiteElo "1955"]
[BlackElo "2011"]
[PlyCount "67"]
[EventDate "2008.05.16"]
[EventType "team"]
[EventRounds "5"]
[EventCountry "FRA"]
[SourceTitle "CBM 124 Extra"]
[Source "ChessBase"]
[SourceDate "2008.07.03"]
[SourceVersion "1"]
[SourceVersionDate "2008.07.03"]
[SourceQuality "1"]
[WhiteTeam "Bischwiller (W)"]
[BlackTeam "JEEN (W)"]
[WhiteTeamCountry "FRA"]
[BlackTeamCountry "FRA"]

1. d4 Nf6 2. Nf3 g6 3. Bf4 Bg7 4. e3 0-0 5. h3 c5 6. c3 d5 7. Be2 Nc6 8. 0-0 c4 9. b3 b5 10. a4 Na5 11. Nbd2 cxb3 12. axb5 Bf5 13. Nxb3 Nc4 14. Nfd2 Nb2 15. Qc1 Nd3 16. Bxd3 Bxd3 17. Re1 Bxb5 18. Nc5 Nd7 19. Ndb3 Nxc5 20. Nxc5 Qb6 21. Rb1 Rfc8 22. Qd2 Rxc5 23. dxc5 Qxc5 24. Rec1 Rc8 25. e4 dxe4 26. Be3 Qc4 27. Bxa7 Qd3 28. Qb2 Ba6 29. Qb4 Bf6 30. Bc5 e6 31. Be3 Bxc3 32. Qb6 Ra8 33. Rd1 Qc2 34. Rbc1 1-0

[Event "FRA-chT2 Nord 0708"]
[Site "France"]
[Date "2008.04.05"]
[Round "10.8"]
[White "Belafkih, Kimia"]
[Black "Gatine, Aurelia"]
[Result "0-1"]
[WhiteElo "1430"]
[BlackElo "2011"]
[PlyCount "96"]
[EventDate "2007.10.21"]
[EventType "team"]
[EventRounds "11"]
[EventCountry "FRA"]
[SourceTitle "EXT 2009"]
[Source "ChessBase"]
[SourceDate "2008.11.26"]
[SourceVersion "1"]
[SourceVersionDate "2008.11.26"]
[SourceQuality "1"]
[WhiteTeam "Henin Beaumont"]
[BlackTeam "JEEN"]
[WhiteTeamCountry "FRA"]
[BlackTeamCountry "FRA"]

1. e4 c5 2. Nf3 Nc6 3. d4 cxd4 4. Nxd4 g6 5. Nc3 Bg7 6. Nf3 d6 7. Bc4 Nf6 8. 0-0 0-0 9. Re1 Qa5 10. h3 Qh5 11. Nd2 Bg4 12. Be2 Bxe2 13. Qxe2 Qxe2 14. Rxe2 Nd4 15. Kf1 Nxe2 16. Kxe2 Rfc8 17. Nf3 b5 18. a3 a5 19. Kd3 b4 20. Ne2 d5 21. e5 Ne4 22. Be3 e6 23. Ng3 bxa3 24. Rxa3 Nxg3 25. fxg3 Rc4 26. Ra1 Rb4 27. b3 a4 28. Bd2 Re4 29. Ra2 a3 30. Ng5 Rxe5 31. Nf3 Re4 32. Ng5 Rd4+ 33. Ke2 Rxd2+ 34. Kxd2 Bh6 35. h4 f6 36. Kc3 fxg5 37. hxg5 Bxg5 38. Kd3 Bc1 39. Ke2 Bb2 40. Kd2 e5 41. Ke3 e4 42. g4 Rc8 43. Kd2 d4 44. Ke2 Rxc2+ 45. Kf1 e3 46. g3 d3 47. Ke1 Bc3+ 48. Kf1 Rxa2 0-1

[Event "FRA-chT2 Nord 0708"]
[Site "France"]
[Date "2008.03.16"]
[Round "9.8"]
[White "Galaczy, Marie"]
[Black "Gatine, Aurelia"]
[Result "0-1"]
[WhiteElo "1430"]
[BlackElo "2022"]
[PlyCount "64"]
[EventDate "2007.10.21"]
[EventType "team"]
[EventRounds "11"]
[EventCountry "FRA"]
[SourceTitle "EXT 2009"]
[Source "ChessBase"]
[SourceDate "2008.11.26"]
[SourceVersion "1"]
[SourceVersionDate "2008.11.26"]
[SourceQuality "1"]
[WhiteTeam "Le Touquet"]
[BlackTeam "JEEN"]
[WhiteTeamCountry "FRA"]
[BlackTeamCountry "FRA"]

1. e4 c5 2. Nf3 d6 3. d4 cxd4 4. Nxd4 Nf6 5. Bd3 Nc6 6. c3 g6 7. Nd2 Bg7 8. Bb5 Qc7 9. 0-0 0-0 10. h3 e5 11. N4f3 a6 12. Bd3 Nh5 13. b4 Nf4 14. Bc4 b5 15. Bb3 Kh8 16. Qc2 f5 17. Nh2 g5 18. Ndf3 g4 19. Bxf4 exf4 20. Nh4 gxh3 21. f3 Qe7 22. Nxf5 Bxf5 23. exf5 hxg2 24. Qxg2 Rxf5 25. Rae1 Qh4 26. Ng4 Ne5 27. Qh2 Nxf3+ 28. Rxf3 Qxe1+ 29. Rf1 Qxc3 30. Be6 Qd4+ 31. Kh1 Qe4+ 32. Qg2 Rh5+ 0-1

[Event "FRA-chT2 Nord 0708"]
[Site "France"]
[Date "2008.03.15"]
[Round "8.8"]
[White "Gatine, Aurelia"]
[Black "Warkentin, Sabine"]
[Result "1-0"]
[WhiteElo "2022"]
[BlackElo "1765"]
[PlyCount "81"]
[EventDate "2007.10.21"]
[EventType "team"]
[EventRounds "11"]
[EventCountry "FRA"]
[SourceTitle "EXT 2009"]
[Source "ChessBase"]
[SourceDate "2008.11.26"]
[SourceVersion "1"]
[SourceVersionDate "2008.11.26"]
[SourceQuality "1"]
[WhiteTeam "JEEN"]
[BlackTeam "Neuville en Ferrain"]
[WhiteTeamCountry "FRA"]
[BlackTeamCountry "FRA"]

1. e4 c6 2. d4 d5 3. exd5 cxd5 4. Bd3 Nf6 5. h3 e6 6. Bf4 Bd6 7. Bxd6 Qxd6 8. Qe2 Nc6 9. Nf3 0-0 10. c3 Re8 11. Ne5 a6 12. a4 Ne7 13. Nd2 Ng6 14. Bxg6 fxg6 15. h4 Bd7 16. h5 gxh5 17. Rxh5 Nxh5 18. Qxh5 Rf8 19. Ndf3 Be8 20. Qh4 Rf6 21. Kd2 Rh6 22. Qg5 Qf8 23. b3 Rc8 24. Qg4 Bh5 25. Qg3 Bxf3 26. gxf3 Qf5 27. Rg1 Rc7 28. Qg4 Qf6 29. Qg3 Qf8 30. Ng4 Rh3 31. Qxh3 Qf4+ 32. Ne3 Qf6 33. Qg4 Qe7 34. Qf4 Rc8 35. Qe5 Qf7 36. f4 Rd8 37. f5 Re8 38. f6 g6 39. Ng4 Kh8 40. Nh6 Qf8 41. f7+ 1-0

[Event "FRA-chT2 Nord 0708"]
[Site "France"]
[Date "2008.01.20"]
[Round "6.8"]
[White "Perrusset, Barbara"]
[Black "Gatine, Aurelia"]
[Result "1-0"]
[WhiteElo "1871"]
[BlackElo "2022"]
[PlyCount "63"]
[EventDate "2007.10.21"]
[EventType "team"]
[EventRounds "11"]
[EventCountry "FRA"]
[SourceTitle "EXT 2009"]
[Source "ChessBase"]
[SourceDate "2008.11.26"]
[SourceVersion "1"]
[SourceVersionDate "2008.11.26"]
[SourceQuality "1"]
[WhiteTeam "Franconville"]
[BlackTeam "JEEN"]
[WhiteTeamCountry "FRA"]
[BlackTeamCountry "FRA"]

1. d4 Nf6 2. c4 c5 3. d5 b5 4. cxb5 a6 5. b6 Qxb6 6. Nc3 d6 7. Nf3 g6 8. Nd2 Bd7 9. Nc4 Qb7 10. e4 Bb5 11. Qb3 Ra7 12. Na5 Qc7 13. Bxb5+ axb5 14. Qxb5+ Nfd7 15. Nb3 Bg7 16. 0-0 0-0 17. Qe2 Rb7 18. Be3 Rb4 19. Bd2 c4 20. Nd1 Ra4 21. Nc1 Na6 22. Bc3 Rb8 23. Bxg7 Kxg7 24. Ne3 Rab4 25. b3 Ne5 26. f4 cxb3 27. axb3 Qc3 28. Rxa6 Rxe4 29. fxe5 dxe5 30. Qf2 Rf4 31. Qe2 Rxf1+ 32. Nxf1 1-0

[Event "FRA-chT2 Nord 0708"]
[Site "France"]
[Date "2007.11.25"]
[Round "3.8"]
[White "Gatine, Aurelia"]
[Black "Mousset Evtouchenko, Nina"]
[Result "1-0"]
[WhiteElo "2028"]
[BlackElo "1843"]
[PlyCount "49"]
[EventDate "2007.10.21"]
[EventType "team"]
[EventRounds "11"]
[EventCountry "FRA"]
[SourceTitle "EXT 2009"]
[Source "ChessBase"]
[SourceDate "2008.11.26"]
[SourceVersion "1"]
[SourceVersionDate "2008.11.26"]
[SourceQuality "1"]
[WhiteTeam "JEEN"]
[BlackTeam "Club 608"]
[WhiteTeamCountry "FRA"]
[BlackTeamCountry "FRA"]

1. e4 c5 2. Nf3 d6 3. d4 cxd4 4. Nxd4 Nf6 5. Nc3 a6 6. Bg5 e6 7. Qd2 b5 8. a3 Nbd7 9. f4 Bb7 10. 0-0-0 Be7 11. Bd3 0-0 12. h4 h6 13. Qe2 Qb6 14. e5 dxe5 15. fxe5 Nxe5 16. Qxe5 Bd6 17. Qe3 hxg5 18. hxg5 Qc7 19. Qh3 Nh5 20. Bh7+ Kh8 21. Qxh5 Bf4+ 22. Kb1 Bxg5 23. Qxg5 Rfe8 24. Qh4 Qe7 25. Be4+ 1-0

[Event "FRA-chT Top 12 (Women)"]
[Site "Rennes"]
[Date "2007.05.13"]
[Round "5"]
[White "Moingt, Anne"]
[Black "Gatine, Aurelia"]
[Result "1-0"]
[WhiteElo "2187"]
[BlackElo "2043"]
[PlyCount "113"]
[EventDate "2007.05.11"]
[EventType "team"]
[EventRounds "5"]
[EventCountry "FRA"]
[SourceTitle "CBM 118 Extra"]
[Source "ChessBase"]
[SourceDate "2007.07.04"]
[SourceVersion "1"]
[SourceVersionDate "2007.07.04"]
[SourceQuality "1"]
[WhiteTeam "Mulhouse Philidor"]
[BlackTeam "Paris JEEN"]
[WhiteTeamCountry "FRA"]
[BlackTeamCountry "FRA"]

1. e4 c5 2. Nf3 d6 3. d4 cxd4 4. Nxd4 Nf6 5. Nc3 g6 6. Be2 Bg7 7. 0-0 0-0 8. Re1 Nc6 9. Nb3 a6 10. Bf1 Qc7 11. Nd5 Nxd5 12. exd5 Ne5 13. c3 Bf5 14. Nd4 e6 15. f4 Ng4 16. h3 Bxd4+ 17. Qxd4 e5 18. fxe5 dxe5 19. d6 exd4 20. dxc7 Nf6 21. cxd4 Nd5 22. Bh6 Rfc8 23. Bc4 Nxc7 24. Re7 Ne6 25. Bb3 Rc7 26. Rxc7 Nxc7 27. Rc1 Nb5 28. g4 Bd3 29. Rd1 Be2 30. Rd2 Bf3 31. a4 Nd6 32. Rf2 Bc6 33. d5 Be8 34. Re2 b5 35. axb5 axb5 36. Bf4 Nc4 37. d6 Bc6 38. Re7 Rd8 39. Rc7 Bd5 40. Bxc4 Bxc4 41. Kf2 h5 42. Rb7 hxg4 43. hxg4 g5 44. Be5 Kh7 45. Ke3 Kg6 46. Kd4 f6 47. Bg3 f5 48. gxf5+ Kxf5 49. b3 Be2 50. Re7 Bd1 51. b4 Kg4 52. Be5 Kf3 53. d7 g4 54. Bc7 g3 55. Bxd8 g2 56. Rg7 Kf2 57. Bh4+ 1-0

[Event "FRA-chT Top 12 (Women)"]
[Site "Rennes"]
[Date "2007.05.11"]
[Round "1"]
[White "Gatine, Aurelia"]
[Black "Le Bail, Clara"]
[Result "0-1"]
[WhiteElo "2043"]
[BlackElo "1933"]
[PlyCount "63"]
[EventDate "2007.05.11"]
[EventType "team"]
[EventRounds "5"]
[EventCountry "FRA"]
[SourceTitle "CBM 118 Extra"]
[Source "ChessBase"]
[SourceDate "2007.07.04"]
[SourceVersion "1"]
[SourceVersionDate "2007.07.04"]
[SourceQuality "1"]
[WhiteTeam "Paris JEEN"]
[BlackTeam "Rennes Paul Bert"]
[WhiteTeamCountry "FRA"]
[BlackTeamCountry "FRA"]

1. e4 e6 2. d4 d5 3. Nd2 Nf6 4. e5 Nfd7 5. f4 c5 6. c3 Nc6 7. Ndf3 Qb6 8. h4 cxd4 9. cxd4 Bb4+ 10. Kf2 f6 11. Kg3 0-0 12. Bd3 Nxd4 13. Nxd4 fxe5 14. fxe5 Nxe5 15. Ndf3 Nxd3 16. Qxd3 Qd6+ 17. Kf2 e5 18. Be3 Bf5 19. Qb3 Be6 20. a3 Ba5 21. Qb5 d4 22. Qxa5 dxe3+ 23. Kxe3 e4 24. Qe5 Qd3+ 25. Kf2 Bc4 26. Kg3 exf3 27. Nxf3 Rae8 28. Qc3 Qd6+ 29. Kf2 Re2+ 30. Kg1 Bd5 31. Rh3 Qg6 32. Rh2 0-1

[Event "FRA-chT2 West 0607"]
[Site "France"]
[Date "2007.04.01"]
[Round "11.8"]
[White "Cloarec, Audrey"]
[Black "Gatine, Aurelia"]
[Result "0-1"]
[WhiteElo "1844"]
[BlackElo "2035"]
[PlyCount "56"]
[EventDate "2006.10.15"]
[EventType "team"]
[EventRounds "11"]
[EventCountry "FRA"]
[SourceTitle "EXT 2008"]
[Source "ChessBase"]
[SourceDate "2007.11.25"]
[SourceVersion "1"]
[SourceVersionDate "2007.11.25"]
[SourceQuality "1"]
[WhiteTeam "Guingamp II"]
[BlackTeam "JEEN"]
[WhiteTeamCountry "FRA"]
[BlackTeamCountry "FRA"]

1. Nf3 g6 2. g3 Bg7 3. Bg2 e5 4. d3 Nc6 5. e4 Nge7 6. Nc3 0-0 7. Be3 Nd4 8. 0-0 d6 9. Ne1 f5 10. f4 fxe4 11. dxe4 Be6 12. g4 Bh6 13. g5 Bg7 14. h4 Qd7 15. Qd2 Bg4 16. Nd3 Rf7 17. Nf2 Raf8 18. fxe5 Nf3+ 19. Bxf3 Rxf3 20. Nd5 Nxd5 21. Qxd5+ Be6 22. Qd2 Bxe5 23. Bd4 Rg3+ 24. Kh1 Qf7 25. Ng4 Qxf1+ 26. Rxf1 Rxf1+ 27. Kh2 Rd3+ 28. Bxe5 Rxd2+ 0-1

[Event "FRA-chT3 0304"]
[Site "Franconville"]
[Date "2004.02.01"]
[Round "6.5"]
[White "Gomet, Francis"]
[Black "Gatine, Aurelia"]
[Result "1/2-1/2"]
[WhiteElo "2078"]
[BlackElo "2065"]
[PlyCount "81"]
[EventDate "2004.10.10"]
[EventType "team"]
[EventRounds "9"]
[EventCountry "FRA"]
[SourceTitle "EXT 2007"]
[Source "ChessBase"]
[SourceDate "2006.11.23"]
[SourceVersion "1"]
[SourceVersionDate "2006.11.23"]
[SourceQuality "1"]

1. Nf3 Nf6 2. g3 c5 3. Bg2 Nc6 4. 0-0 d5 5. d3 e5 6. Nbd2 h5 7. e4 d4 8. Nc4 Qc7 9. a4 Bg4 10. h3 Be6 11. Na3 Qc8 12. Ng5 Bd7 13. f4 h4 14. fxe5 Nxe5 15. Bf4 Bd6 16. Bxe5 Bxe5 17. Nc4 Qc7 18. Nf3 hxg3 19. Nfxe5 Bxh3 20. Qf3 Bxg2 21. Kxg2 Rh2+ 22. Kxg3 Rh5 23. Qf4 0-0-0 24. Kg2 Rdh8 25. Rh1 Nd7 26. Qxf7 Rg5+ 27. Ng4 Rxg4+ 28. Kf3 Rf8 29. Qxf8+ Nxf8 30. Kxg4 Ng6 31. Raf1 Qd7+ 32. Kg5 Qe6 33. Rf5 b6 34. Rhf1 Ne7 35. Rf8+ Kd7 36. R1f7 Qg6+ 37. Kh4 Ke6 38. Rf2 Qg1 39. Kh3 Ng6 40. R8f5 Qh1+ 41. Kg3 1/2-1/2

[Event "FRA-chT (Women) 03rd"]
[Site "Evry"]
[Date "2003.02.08"]
[Round "2.2"]
[White "Gatine, Aurelia"]
[Black "Choisy, Mathilde"]
[Result "1-0"]
[WhiteElo "2065"]
[BlackElo "2041"]
[PlyCount "45"]
[EventDate "2003.02.07"]
[EventRounds "7"]
[EventCountry "FRA"]
[SourceTitle "CBM 092 Extra"]
[Source "ChessBase"]
[SourceDate "2003.03.07"]
[SourceVersion "1"]
[SourceVersionDate "2003.03.07"]
[SourceQuality "1"]
[WhiteTeam "Paris JEEN (W)"]
[BlackTeam "Agneaux Saint Lo (W)"]
[WhiteTeamCountry "FRA"]
[BlackTeamCountry "FRA"]

1. e4 c5 2. Nf3 e6 3. d4 cxd4 4. Nxd4 a6 5. Be3 Nf6 6. Nc3 Qc7 7. a3 Nc6 8. Be2 b5 9. f4 b4 10. axb4 Bxb4 11. 0-0 Bxc3 12. bxc3 Nxe4 13. Bd3 d5 14. Bxe4 dxe4 15. Nb5 axb5 16. Rxa8 0-0 17. Qh5 b4 18. cxb4 f5 19. b5 Nb4 20. Ra7 Qc3 21. Qe2 Nxc2 22. Rc1 Nd4 23. Qf2 1-0

[Event "FRA-ch op-A"]
[Site "Auxerre"]
[Date "1996.??.??"]
[Round "?"]
[White "Gatine, Aurelia"]
[Black "Tardif, Olivier"]
[Result "1-0"]
[WhiteElo "2070"]
[BlackElo "1840"]
[PlyCount "39"]
[EventDate "1996.08.??"]
[EventType "swiss"]
[EventRounds "10"]
[EventCountry "FRA"]
[SourceTitle "EXT 2004"]
[Source "ChessBase"]
[SourceDate "2003.11.25"]
[SourceVersion "1"]
[SourceVersionDate "2003.11.25"]
[SourceQuality "1"]

1. e4 e5 2. Nf3 Nf6 3. Nc3 Nc6 4. d4 exd4 5. Nxd4 Bb4 6. Nxc6 bxc6 7. Bd3 d5 8. exd5 Nxd5 9. 0-0 Nxc3 10. Qe1+ Be6 11. bxc3 Bd6 12. f4 0-0 13. Qe4 g6 14. f5 Bd5 15. Qg4 c5 16. Bh6 c4 17. fxg6 Bc5+ 18. Kh1 fxg6 19. Bxg6 Qe7 20. Bf7+ 1-0

[Event "FRA-ch (Women)"]
[Site "Toulouse"]
[Date "1995.??.??"]
[Round "1"]
[White "Fruteau, Sabine"]
[Black "Gatine, Aurelia"]
[Result "1-0"]
[WhiteElo "2215"]
[BlackElo "2045"]
[PlyCount "99"]
[EventDate "1995.??.??"]
[EventType "tourn"]
[EventRounds "11"]
[EventCountry "FRA"]
[SourceTitle "EXT 1998"]
[Source "ChessBase"]
[SourceDate "1997.11.17"]
[SourceVersion "1"]
[SourceVersionDate "1997.11.17"]
[SourceQuality "1"]

1. e4 c5 2. Nf3 d6 3. d4 cxd4 4. Qxd4 Nc6 5. Bb5 Bd7 6. Bxc6 Bxc6 7. Nc3 e6 8. Bg5 Nf6 9. 0-0-0 Be7 10. Qd3 Qa5 11. h4 h6 12. Bxf6 Bxf6 13. Nd4 Rd8 14. Kb1 0-0 15. f4 Bxd4 16. Qxd4 b5 17. Rd3 b4 18. Nd1 e5 19. Qe3 d5 20. exd5 Bxd5 21. b3 exf4 22. Qxf4 Be6 23. Rg3 Kh7 24. Nf2 Bf5 25. Rc1 Rc8 26. Qd4 f6 27. Nd3 Bxd3 28. Qxd3+ Kh8 29. Re1 Qc7 30. Rge3 Qc6 31. Qg6 f5 32. Qxc6 Rxc6 33. Re5 f4 34. Rb5 Rfc8 35. Re2 Rc3 36. Rxb4 f3 37. gxf3 Rxf3 38. Rb7 Rf1+ 39. Kb2 Rf4 40. Rg2 Rg8 41. Rh2 a5 42. Ra7 Rf5 43. Rg2 Rh5 44. Rg4 g5 45. Rxa5 Rxh4 46. Rxh4 gxh4 47. Rh5 Rg4 48. Rxh6+ Kg7 49. Rh5 Kg6 50. Rh8 1-0

[Event "FRA-ch (Women)"]
[Site "Toulouse"]
[Date "1995.??.??"]
[Round "7"]
[White "Gatine, Aurelia"]
[Black "Flear, Christine"]
[Result "0-1"]
[WhiteElo "2045"]
[BlackElo "2235"]
[PlyCount "48"]
[EventDate "1995.??.??"]
[EventType "tourn"]
[EventRounds "11"]
[EventCountry "FRA"]
[SourceTitle "EXT 1998"]
[Source "ChessBase"]
[SourceDate "1997.11.17"]
[SourceVersion "1"]
[SourceVersionDate "1997.11.17"]
[SourceQuality "1"]

1. e4 e5 2. Nf3 Nc6 3. Nc3 Nf6 4. d4 Bb4 5. Nxe5 Qe7 6. Nxc6 Qxe4+ 7. Qe2 dxc6 8. Bd2 Qxe2+ 9. Bxe2 Bf5 10. 0-0-0 0-0-0 11. Bg5 Rd6 12. f3 Re8 13. Bc4 Bxc3 14. bxc3 Nd5 15. Rhe1 Rde6 16. Rxe6 Bxe6 17. Kb2 Nb6 18. Bxe6+ Rxe6 19. Bf4 Re2 20. g4 Nc4+ 21. Kb3 b5 22. d5 c5 23. d6 cxd6 24. Bxd6 Rd2 0-1

[Event "FRA-ch (Women)"]
[Site "Toulouse"]
[Date "1995.??.??"]
[Round "3"]
[White "Gatine, Aurelia"]
[Black "Siebrecht, Raphaelle"]
[Result "0-1"]
[WhiteElo "2045"]
[BlackElo "2055"]
[PlyCount "102"]
[EventDate "1995.??.??"]
[EventType "tourn"]
[EventRounds "11"]
[EventCountry "FRA"]
[SourceTitle "EXT 1998"]
[Source "ChessBase"]
[SourceDate "1997.11.17"]
[SourceVersion "1"]
[SourceVersionDate "1997.11.17"]
[SourceQuality "1"]

1. e4 e6 2. d4 d5 3. Nd2 dxe4 4. Nxe4 Bd7 5. Nf3 Bc6 6. Bd3 Nd7 7. 0-0 Ngf6 8. Ng3 Be7 9. b3 0-0 10. Bb2 Nd5 11. c4 Nf4 12. Bc2 Nf6 13. Re1 b6 14. d5 exd5 15. Nf5 Bb4 16. Ne5 Bb7 17. Qf3 Ng6 18. Ng4 Nxg4 19. Qxg4 Bc8 20. Qd4 f6 21. Nh4 Ne5 22. Rxe5 fxe5 23. Qxe5 Qe7 24. Qxd5+ Qf7 25. Qxf7+ Rxf7 26. Be4 c6 27. Bxc6 Bb7 28. Bxb7 Rxb7 29. Nf5 Rf8 30. Nd4 Bc5 31. Kf1 Rd7 32. Nf3 g5 33. h3 h5 34. Be5 g4 35. hxg4 hxg4 36. Nh4 Rxf2+ 37. Ke1 Re7 38. Ng6 Re6 39. b4 Be3 40. Rd1 Rxg6 41. Rd3 Rxg2 42. Rxe3 Rxa2 43. Bg3 Rh6 44. Re2 Rh1+ 45. Kf2 Rxe2+ 46. Kxe2 Rb1 47. Bd6 Kf7 48. c5 Rxb4 49. c6 Rc4 50. c7 Ke6 51. Bg3 Kd7 0-1